00258cam a22000857a 4500008004000000082001200040245007600052260003500128300000900163180718b1958 xxu||||| |||| 00| 0 eng d aK5 Un3c aReport of the regional census training centre for Asia and the Far east aNew YorkbUnited Nationsc1958 a31p.